00652nam a22001817a 4500003000900000005001700009008005900026020001500085040002200100100001800122245012500140260004200265300004400307490002600351700003500377700003200412830002600444DO-SdBNP20171129133928.0171117b 1992 nyu a ||||| |||| 00| 0 spa d a0516004980 aBPMSUbspacBPMSU1 aKent, Deborah10aAmerica the beautiful :bPuerto Rico /cby Deborah Kent ; consultants, José Antonio Pérez Ruiz, Robert L. Hillerich. aChicago : b Childrens Press, c1992. a144 p. :bil., retrs., mapas ;c24 cm. 1 aAmerica the beautiful1 a Pérez Ruiz, José Antonio 1 aHillerich, Robert L. Hiller 0aAmerica the beautiful